Tvorba a úprava školských prác (2)

Bibliographic Details
Main Author: Meško, Dušan, 1956- (Author)
Format: Article
Language:Slovak
PhysicalDescription:Obr.
ISSN:0139-5769
Subjects:

MARC

LEADER 00000nab a2200000 a 4500
001 vtls009157115
003 SK-MaSNL
005 20260303064407.0
008 140302c2007 xo er|p||| |000 b|slo
015 |a SNBRB2007/11 
038 |a SPK 
040 |a SPKCL  |b slo  |c 1997  |e AACR2 
041 0 |a slo 
044 |a xo  |c SK 
072 7 |a 00  |x Veda. Všeobecnosti. Základy vedy a kultúry. Vedecká práca  |2 konspekt 
080 |a 001.8  |2 1997 
100 1 |a Meško, Dušan,  |d 1956-,  |4 aut  |9 197434 
245 1 0 |a Tvorba a úprava školských prác (2)  |c Dušan Meško 
300 |b Obr. 
650 0 7 |a písomné práce  |2 snkbucl  |9 454214 
650 0 7 |a záverečné práce  |2 spk  |9 75084 
773 0 |t Učiteľské noviny  |g Roč. LVI., č. 5 (2007), s. 24  |x 0139-5769 
852 |a SPK  |b KIS3GCP 
999 |c 1746935  |d 1748865